| 000 | 00395pam a2200157a 44500 | ||
|---|---|---|---|
| 008 | 230405s1999 xxu||||| |||| 00| 0 eng d | ||
| 041 | _aENG | ||
| 100 | _aANTHONY ROBERT N ,GOVINDARAJAN VIJAY | ||
| 245 | _aMANAGEMENT CONTROL SYSTEMS | ||
| 250 | _a1999 | ||
| 260 |
_aNULL _bTATA MACGRAWHILL _c1999 |
||
| 300 | _a851 | ||
| 650 | _aMANAGEMENT CONTROL SYSTEM | ||
| 690 | _aMCA | ||
| 906 | _a6314 | ||
| 999 |
_c287125 _d287125 |
||